00552 2200193 4500001002100000005001700021008004100038035002400079090001500103100002600118245009100144260002900235300001900264650002000283700001900303850001500322985000600337999001500343YOGYA-0209000003449020090227024908.0 ind  0010-020900000034490 a398bTar T aTarigan, Henny Guntur aTatarucinganb(teka-teki sunda)cdikumpulkan oleh Henny Guntur Taringan, Undang Misdan aJakartabDepdikbudc1978 a118 hlmc21 cm aTeka-teki Sunda aLisdan, Undang aYOPDYOG(B) a1 aa000059395